[Event "Titled Tuesday intern op 23rd Nov"]
[Site "Chess.com INT"]
[Date "2021.11.23"]
[Round "5"]
[White "Chernikov, Vladimir"]
[Black "Tomczak, Mikolaj"]
[Result "0-1"]
[WhiteElo "2225"]
[BlackElo "2440"]
[PlyCount "33"]
[EventDate "2021.11.23"]
[EventType "swiss (blitz)"]
[EventRounds "11"]
[EventCountry "USA"]
[SourceTitle "CBM 205 Extra"]
[Source "ChessBase"]
[SourceDate "2022.01.31"]
[SourceVersion "1"]
[SourceVersionDate "2022.01.31"]
[SourceQuality "1"]

1. d4 Nf6 2. Nc3 d5 3. Bf4 Bf5 4. e3 c6 5. Nf3 Nbd7 6. Ne5 e6 7. g4 Nxe5 8. gxf5 Ned7 9. fxe6 fxe6 10. Bh3 Kf7 11. Qf3 Bb4 12. Be5 Re8 13. Rg1 Kg8 14. Rg3 Nxe5 15. dxe5 Ne4 16. Rg4 Qa5 17. Qh1 0-1

[Event "Titled Tuesday intern op 23rd Nov"]
[Site "Chess.com INT"]
[Date "2021.11.23"]
[Round "2"]
[White "Tymrakiewicz, Rafal"]
[Black "Tomczak, Mikolaj"]
[Result "1-0"]
[WhiteElo "2225"]
[BlackElo "2440"]
[PlyCount "99"]
[EventDate "2021.11.23"]
[EventType "swiss (blitz)"]
[EventRounds "11"]
[EventCountry "USA"]
[SourceTitle "CBM 205 Extra"]
[Source "ChessBase"]
[SourceDate "2022.01.31"]
[SourceVersion "1"]
[SourceVersionDate "2022.01.31"]
[SourceQuality "1"]

1. d4 Nf6 2. Bg5 c5 3. e3 Qb6 4. Nc3 a6 5. Rb1 d6 6. Nf3 Bg4 7. Be2 Nc6 8. d5 Bxf3 9. Bxf3 Ne5 10. 0-0 Nxf3+ 11. Qxf3 h6 12. Bh4 g5 13. Bg3 Bg7 14. e4 Nd7 15. Qf5 c4 16. Kh1 Qd4 17. Rbd1 Qf6 18. Rfe1 Qxf5 19. exf5 Bxc3 20. bxc3 Kd8 21. a4 Rc8 22. Rb1 Rc7 23. a5 Nf6 24. Red1 Ne4 25. Rd4 Nxc3 26. Rb4 f6 27. h4 Kd7 28. Rdxc4 Rhc8 29. Rxc7+ Rxc7 30. Rd4 Rc5 31. h5 Rxd5 32. Rb4 Kc6 33. Kh2 Rxa5 34. f4 Rxf5 35. Bf2 gxf4 36. Rc4+ Kd5 37. Rxc3 Rxh5+ 38. Kg1 b5 39. Rc7 e5 40. Kf1 a5 41. Ra7 e4 42. Rxa5 Kc4 43. Ke2 e3 44. Be1 Rg5 45. Kf3 b4 46. Ra6 b3 47. cxb3+ Kxb3 48. Rxd6 Rf5 49. Rd4 Kc2 50. Rxf4 1-0

[Event "Titled Tuesday intern op 16th Nov"]
[Site "Chess.com INT"]
[Date "2021.11.16"]
[Round "11"]
[White "Tomczak, Mikolaj"]
[Black "Ansh, M Shah"]
[Result "1-0"]
[WhiteElo "2440"]
[BlackElo "2094"]
[PlyCount "63"]
[EventDate "2021.11.16"]
[EventType "swiss (blitz)"]
[EventRounds "11"]
[EventCountry "USA"]
[SourceTitle "CBM 205 Extra"]
[Source "ChessBase"]
[SourceDate "2022.01.31"]
[SourceVersion "1"]
[SourceVersionDate "2022.01.31"]
[SourceQuality "1"]

1. e4 c6 2. d4 d5 3. e5 Bf5 4. Nf3 e6 5. Be2 Ne7 6. 0-0 Nd7 7. Nbd2 c5 8. c4 Qb6 9. cxd5 Nxd5 10. Nc4 Qc7 11. a3 a6 12. dxc5 Nxc5 13. b4 Nd7 14. Bg5 b5 15. Ne3 Nxe3 16. Bxe3 Be7 17. Rc1 Qb7 18. Nd4 Be4 19. Bf3 Bxf3 20. Qxf3 Qxf3 21. Nxf3 0-0 22. Rc7 Rfd8 23. h3 Kf8 24. Rfc1 Ke8 25. Rb7 Rdb8 26. Rcc7 Rxb7 27. Rxb7 a5 28. Rxb5 axb4 29. axb4 f6 30. Nd4 fxe5 31. Nxe6 Kf7 32. Ng5+ 1-0

[Event "Titled Tuesday intern op 16th Nov"]
[Site "Chess.com INT"]
[Date "2021.11.16"]
[Round "6"]
[White "Tomczak, Mikolaj"]
[Black "Bach, Ngoc Thuy Duong"]
[Result "1/2-1/2"]
[WhiteElo "2440"]
[BlackElo "2198"]
[PlyCount "143"]
[EventDate "2021.11.16"]
[EventType "swiss (blitz)"]
[EventRounds "11"]
[EventCountry "USA"]
[SourceTitle "CBM 205 Extra"]
[Source "ChessBase"]
[SourceDate "2022.01.31"]
[SourceVersion "1"]
[SourceVersionDate "2022.01.31"]
[SourceQuality "1"]

1. e4 c5 2. Nf3 d6 3. Bb5+ Nc6 4. c3 Nf6 5. 0-0 Bd7 6. d4 a6 7. Bd3 e5 8. d5 Ne7 9. a4 Ng6 10. Na3 b6 11. Qe2 a5 12. Bb5 Be7 13. Bxd7+ Qxd7 14. Nc4 Bd8 15. Bg5 0-0 16. Bxf6 Bxf6 17. Nxb6 Qb7 18. Nc4 Qa6 19. b3 Rab8 20. Qc2 Rb7 21. g3 Rfb8 22. Rab1 Bd8 23. Na3 Ne7 24. Nb5 Nc8 25. Nd2 Na7 26. c4 Nc8 27. f4 Bf6 28. f5 Bg5 29. Nf3 Be3+ 30. Kg2 f6 31. g4 Rf7 32. Rh1 Ne7 33. Kf1 Kf8 34. Ke2 Bf4 35. Nc7 Qb6 36. Ne6+ Kg8 37. Nxf4 exf4 38. Qc3 Nc8 39. Qd2 Re7 40. Kd3 Qb4 41. Qxb4 Rxb4 42. Nd2 Nb6 43. Rbf1 Nd7 44. Rxf4 Ne5+ 45. Kc3 Reb7 46. h3 R7b6 47. h4 h6 48. Rg1 Kf7 49. g5 hxg5 50. hxg5 Rb8 51. g6+ Ke7 52. Rh1 Rg8 53. Rh7 Rbb8 54. Nf3 Rb7 55. Nxe5 dxe5 56. Rf3 Kd6 57. Rfh3 Rbb8 58. Kc2 Rbc8 59. R3h4 Rb8 60. Rh3 Rbc8 61. Rh2 Rb8 62. Kb2 Rbc8 63. Ka3 Rb8 64. R7h5 Ra8 65. R5h3 Rab8 66. Rg3 Ra8 67. Rhh3 Rab8 68. Rg2 Rb7 69. Rb2 Rbb8 70. Rg2 Rb7 71. Rgg3 Rbb8 72. Rg2 1/2-1/2

[Event "POL-chT 1st League"]
[Site "Szklarska Poreba"]
[Date "2021.09.04"]
[Round "1.2"]
[White "Kovalenko, Igor"]
[Black "Tomczak, Mikolaj"]
[Result "1-0"]
[WhiteElo "2651"]
[BlackElo "2435"]
[PlyCount "90"]
[EventDate "2021.09.04"]
[EventType "team-swiss"]
[EventRounds "9"]
[EventCountry "POL"]
[SourceTitle "CBM 204 Extra"]
[Source "ChessBase"]
[SourceDate "2021.11.30"]
[SourceVersion "1"]
[SourceVersionDate "2021.11.30"]
[SourceQuality "1"]
[WhiteTeam "Kopernik WKS"]
[BlackTeam "Strzelce Opolskie Strzelec"]
[WhiteTeamCountry "POL"]
[BlackTeamCountry "POL"]

1. d4 d5 2. c4 dxc4 3. Nf3 Nf6 4. e3 e6 5. Bxc4 a6 6. 0-0 c5 7. b3 b5 8. Be2 Bb7 9. a4 b4 10. Bb2 Nbd7 11. Nbd2 Be7 12. Rc1 Rc8 13. Ne5 cxd4 14. Bxd4 Nxe5 15. Bxe5 0-0 16. Rxc8 Qxc8 17. Nc4 Ne4 18. Qc2 Rd8 19. Bf3 f5 20. Qb2 Bf8 21. Rc1 Qd7 22. Nb6 Qd2 23. Qxd2 Rxd2 24. h4 Nc5 25. Bxb7 Nxb7 26. Rc8 Na5 27. Kf1 Kf7 28. Rc7+ Ke8 29. Nc4 Nxc4 30. Rxc4 Rd5 31. Rc8+ Kf7 32. Rc7+ Kg6 33. Bd4 e5 34. Bb2 Rd3 35. Bxe5 Rxb3 36. h5+ Kxh5 37. Rf7 Bc5 38. Rxg7 h6 39. Rc7 Rb1+ 40. Ke2 Rc1 41. Kd2 Rf1 42. Rxc5 Rxf2+ 43. Kd3 b3 44. Rc6 a5 45. Rb6 Rxg2 1-0

[Event "Titled Tuesday intern op 15st Dec"]
[Site "Chess.com INT"]
[Date "2020.12.15"]
[Round "11"]
[White "Agibileg, Uurtsaikh"]
[Black "Tomczak, Mikolaj"]
[Result "1-0"]
[WhiteElo "2413"]
[BlackElo "2435"]
[PlyCount "75"]
[EventDate "2020.12.15"]
[EventType "swiss (blitz)"]
[EventRounds "11"]
[EventCountry "USA"]
[SourceTitle "CBM 199 Extra"]
[Source "ChessBase"]
[SourceDate "2021.01.31"]
[SourceVersion "1"]
[SourceVersionDate "2021.01.31"]
[SourceQuality "1"]

1. d4 Nf6 2. c4 e6 3. Nc3 Bb4 4. Qc2 d5 5. cxd5 exd5 6. Bg5 c5 7. dxc5 h6 8. Bh4 g5 9. Bg3 Ne4 10. e3 Bf5 11. Bd3 Nc6 12. Nge2 Qf6 13. 0-0 Nxg3 14. hxg3 Bxd3 15. Qxd3 Rd8 16. Na4 0-0 17. a3 Ba5 18. b4 Bc7 19. Nd4 Ne5 20. Qf5 Qg7 21. Nc3 Rfe8 22. Rad1 Nc4 23. Nxd5 Re5 24. Nf6+ Kh8 25. Qf3 Nxa3 26. Qxb7 Qxf6 27. Qxc7 Nc4 28. Nc6 Rxd1 29. Rxd1 Re8 30. Rd8 Qa1+ 31. Kh2 Rxd8 32. Qxd8+ Kg7 33. Qd4+ Qxd4 34. exd4 a6 35. Nb8 Na3 36. Nxa6 Nc2 37. c6 Nxd4 38. c7 1-0

[Event "Titled Tuesday intern op 15st Dec"]
[Site "Chess.com INT"]
[Date "2020.12.15"]
[Round "6"]
[White "Lauridsen, Jesper Morch"]
[Black "Tomczak, Mikolaj"]
[Result "1-0"]
[WhiteElo "2215"]
[BlackElo "2435"]
[PlyCount "41"]
[EventDate "2020.12.15"]
[EventType "swiss (blitz)"]
[EventRounds "11"]
[EventCountry "USA"]
[SourceTitle "CBM 199 Extra"]
[Source "ChessBase"]
[SourceDate "2021.01.31"]
[SourceVersion "1"]
[SourceVersionDate "2021.01.31"]
[SourceQuality "1"]

1. e4 c5 2. c3 Nf6 3. e5 Nd5 4. d4 cxd4 5. Nf3 e6 6. cxd4 d6 7. Bd3 Nc6 8. 0-0 Be7 9. Re1 0-0 10. exd6 Qxd6 11. a3 Bf6 12. Be3 b6 13. Nbd2 Nxe3 14. Rxe3 Nxd4 15. Ne4 Nxf3+ 16. Qxf3 Qc7 17. Nxf6+ gxf6 18. Qxa8 Bb7 19. Rg3+ Qxg3 20. Qxf8+ Kxf8 21. hxg3 1-0

[Event "Titled Tuesday intern op 15st Dec"]
[Site "Chess.com INT"]
[Date "2020.12.15"]
[Round "9"]
[White "Tomczak, Mikolaj"]
[Black "Belova, Olga"]
[Result "1-0"]
[WhiteElo "2435"]
[BlackElo "2058"]
[PlyCount "55"]
[EventDate "2020.12.15"]
[EventType "swiss (blitz)"]
[EventRounds "11"]
[EventCountry "USA"]
[SourceTitle "CBM 199 Extra"]
[Source "ChessBase"]
[SourceDate "2021.01.31"]
[SourceVersion "1"]
[SourceVersionDate "2021.01.31"]
[SourceQuality "1"]

1. d4 d5 2. c4 c6 3. Nc3 Nf6 4. e3 g6 5. Nf3 Bg4 6. Be2 Bg7 7. 0-0 0-0 8. b3 Nbd7 9. Bb2 e6 10. h3 Bxf3 11. Bxf3 a5 12. e4 Nb6 13. e5 Nfd7 14. c5 Nc8 15. Rc1 Ne7 16. g4 b6 17. cxb6 Qxb6 18. Na4 Qa7 19. Ba3 Rfe8 20. Bxe7 Rxe7 21. Rxc6 Rb8 22. Qd2 Rb4 23. Rc8+ Bf8 24. Qg5 Rb8 25. Rfc1 Nb6 26. Nxb6 Rxb6 27. Qh6 Rb8 28. Qxf8# 1-0

[Event "Titled Tuesday intern op 15st Dec"]
[Site "Chess.com INT"]
[Date "2020.12.15"]
[Round "5"]
[White "Tomczak, Mikolaj"]
[Black "Mikhailovsky, Vladimir"]
[Result "0-1"]
[WhiteElo "2435"]
[BlackElo "2228"]
[PlyCount "144"]
[EventDate "2020.12.15"]
[EventType "swiss (blitz)"]
[EventRounds "11"]
[EventCountry "USA"]
[SourceTitle "CBM 199 Extra"]
[Source "ChessBase"]
[SourceDate "2021.01.31"]
[SourceVersion "1"]
[SourceVersionDate "2021.01.31"]
[SourceQuality "1"]

1. d4 Nf6 2. c4 d6 3. Nc3 Nbd7 4. Nf3 e5 5. e4 Be7 6. Be2 0-0 7. 0-0 c6 8. Qc2 Qe8 9. Rd1 Bd8 10. Rb1 Qe7 11. b4 Bc7 12. h3 Re8 13. d5 Nf8 14. dxc6 bxc6 15. Be3 Ng6 16. c5 Nh5 17. cxd6 Bxd6 18. Nxe5 Qxe5 19. Bxh5 Qh2+ 20. Kf1 Ba6+ 21. b5 cxb5 22. Nxb5 Nh4 23. Bf3 Nxf3 24. gxf3 Qxh3+ 25. Ke2 Qe6 26. a4 Rac8 27. Qb3 Qe7 28. Bxa7 Bc5 29. Bxc5 Rxc5 30. Rbc1 Kh8 31. Rxc5 Qxc5 32. Qxf7 Rf8 33. Qd5 Qc2+ 34. Rd2 Qxa4 35. Kf1 Bxb5+ 36. Kg2 Qc4 37. Qxc4 Bxc4 38. Kg3 h6 39. f4 Bf7 40. f5 Kg8 41. f4 Be8 42. Rb2 Bc6 43. e5 Rxf5 44. Rb6 Bd7 45. Rd6 Be8 46. Rd8 Kf8 47. Kg4 g6 48. Rd6 Ke7 49. Ra6 Bd7 50. Ra7 h5+ 51. Kg3 g5 52. fxg5 Rxe5 53. g6 Rg5+ 54. Kh4 Rxg6 55. Kxh5 Rd6 56. Kg5 Rd5+ 57. Kf4 Kf6 58. Ke4 Be6 59. Ra6 Rh5 60. Rb6 Rh4+ 61. Ke3 Ke5 62. Rb5+ Bd5 63. Rb8 Rh3+ 64. Kd2 Kd4 65. Ke2 Rh2+ 66. Kf1 Ke3 67. Re8+ Be4 68. Rg8 Ra2 69. Kg1 Ra1+ 70. Kh2 Rh1+ 71. Kg3 Rg1+ 72. Kh4 Rxg8 0-1

[Event "Titled Tuesday intern op 06th Oct"]
[Site "Chess.com INT"]
[Date "2020.10.06"]
[Round "3"]
[White "Tomczak, Mikolaj"]
[Black "Ward, Ieuan C"]
[Result "0-1"]
[WhiteElo "2435"]
[BlackElo "2028"]
[PlyCount "104"]
[EventDate "2020.10.06"]
[EventType "swiss (blitz)"]
[EventRounds "10"]
[EventCountry "USA"]
[SourceTitle "CBM 198 Extra"]
[Source "ChessBase"]
[SourceDate "2020.11.30"]
[SourceVersion "1"]
[SourceVersionDate "2020.11.30"]
[SourceQuality "1"]

1. d4 Nf6 2. c4 e6 3. Nc3 d5 4. Nf3 Be7 5. Bf4 0-0 6. e3 a6 7. c5 b6 8. b4 a5 9. a3 c6 10. Bd3 Nh5 11. Be5 f6 12. Bg3 Nxg3 13. hxg3 h6 14. 0-0 Nd7 15. Bc2 f5 16. Qd3 Ba6 17. b5 cxb5 18. c6 Nb8 19. Ne5 Bd6 20. Ng6 Rf6 21. Ne5 Bxe5 22. dxe5 Rf7 23. Nxb5 Nxc6 24. Ba4 Nxe5 25. Qd4 Nc4 26. Rfd1 Rc8 27. Rac1 Bxb5 28. Bxb5 Nxa3 29. Rxc8 Qxc8 30. Qxb6 Rb7 31. Ba6 Rxb6 32. Bxc8 Nc4 33. g4 fxg4 34. e4 dxe4 35. Rd4 Rc6 36. Rxc4 Rxc4 37. Bxe6+ Kh7 38. Bxc4 Kg6 39. Kf1 Kf5 40. Ke2 g3 41. f3 h5 42. Ke3 exf3 43. Kxf3 h4 44. Bd3+ Ke5 45. Kg4 g5 46. Bb5 Kd4 47. Bd7 Ke3 48. Kxg5 Kf2 49. Kxh4 Kxg2 50. Bc6+ Kh2 51. Kg4 a4 52. Kf3 g2 0-1

[Event "Speed Chess Super Swiss"]
[Site "Chess.com INT"]
[Date "2020.10.03"]
[Round "1"]
[White "Tomczak, Mikolaj"]
[Black "Esipenko, Andrey"]
[Result "0-1"]
[WhiteElo "2435"]
[BlackElo "2682"]
[PlyCount "90"]
[EventDate "2020.10.03"]
[EventType "swiss (blitz)"]
[EventRounds "15"]
[EventCountry "USA"]
[SourceTitle "CBM 198 Extra"]
[Source "ChessBase"]
[SourceDate "2020.11.30"]
[SourceVersion "1"]
[SourceVersionDate "2020.11.30"]
[SourceQuality "1"]

1. d4 Nf6 2. c4 e6 3. Nc3 Bb4 4. f3 d5 5. a3 Be7 6. e4 dxe4 7. fxe4 c5 8. d5 exd5 9. exd5 0-0 10. Nf3 Bd6 11. Be2 Bg4 12. 0-0 Nbd7 13. Bg5 Re8 14. Qd2 a6 15. Rae1 Qc7 16. h3 Bh5 17. Bd3 Bg3 18. Rxe8+ Rxe8 19. Ne2 Bd6 20. Nf4 Bg6 21. Nxg6 hxg6 22. Qc2 Bf4 23. Bh4 Qd6 24. Bf2 Be3 25. Bxe3 Rxe3 26. Re1 Rxe1+ 27. Nxe1 Ne5 28. Be2 Qe7 29. Nf3 Ned7 30. Bd3 Qe3+ 31. Kh1 Ne5 32. Nxe5 Qxe5 33. Qe2 Qd4 34. Kh2 Nh5 35. Qe8+ Kh7 36. Be2 Qf4+ 37. Kg1 Ng3 38. Bf3 Qc1+ 39. Kh2 Nf1+ 40. Kg1 Ne3+ 41. Kf2 Qd2+ 42. Kg3 Nf1+ 43. Kg4 f5+ 44. Kh4 Qh6+ 45. Bh5 Qxh5# 0-1

[Event "Titled Tuesday intern op 29th Sept"]
[Site "Chess.com INT"]
[Date "2020.09.29"]
[Round "10"]
[White "Chernomordik, Pavel"]
[Black "Tomczak, Mikolaj"]
[Result "1/2-1/2"]
[WhiteElo "2218"]
[BlackElo "2433"]
[PlyCount "119"]
[EventDate "2020.09.29"]
[EventType "swiss (blitz)"]
[EventRounds "10"]
[EventCountry "USA"]
[SourceTitle "CBM 198 Extra"]
[Source "ChessBase"]
[SourceDate "2020.11.30"]
[SourceVersion "1"]
[SourceVersionDate "2020.11.30"]
[SourceQuality "1"]

1. e4 c5 2. Nc3 Nc6 3. Bb5 Nd4 4. Bc4 e6 5. Nge2 a6 6. a4 Nf6 7. d3 d5 8. exd5 exd5 9. Ba2 Be6 10. 0-0 Bd6 11. Nf4 0-0 12. h3 Bc7 13. Nce2 Nxe2+ 14. Qxe2 Qd6 15. g3 Rfe8 16. Qf3 b5 17. Bd2 c4 18. dxc4 dxc4 19. Bc3 Nd5 20. Rfd1 Rad8 21. axb5 axb5 22. Nxe6 Qxe6 23. Re1 Qc6 24. Rxe8+ Qxe8 25. Re1 Qf8 26. Bd4 Nf4 27. Be3 Ng6 28. Qc6 Qe8 29. Qxe8+ Rxe8 30. Bd2 Rxe1+ 31. Bxe1 Ne5 32. Kg2 Nc6 33. b3 cxb3 34. Bxb3 Bb6 35. Bd5 Nd4 36. Be4 f5 37. Bd3 Bc5 38. c3 Nb3 39. Bxb5 Na5 40. c4 Nb7 41. Bc6 Nd6 42. Bd5+ Kf8 43. Kf3 Ke7 44. g4 fxg4+ 45. hxg4 Kf6 46. Bc3+ Kg6 47. Be4+ Nxe4 48. Kxe4 Bxf2 49. Bd4 Be1 50. c5 Ba5 51. Kf3 Kg5 52. c6 g6 53. Be3+ Kf6 54. Bf4 h5 55. c7 Bxc7 56. Bxc7 hxg4+ 57. Kxg4 Ke6 58. Kg5 Kd7 59. Be5 Ke6 60. Kxg6 1/2-1/2

[Event "Titled Tuesday intern op 29th Sept"]
[Site "Chess.com INT"]
[Date "2020.09.29"]
[Round "8"]
[White "Mogirzan, Matei Valeriu"]
[Black "Tomczak, Mikolaj"]
[Result "0-1"]
[WhiteElo "1813"]
[BlackElo "2433"]
[PlyCount "172"]
[EventDate "2020.09.29"]
[EventType "swiss (blitz)"]
[EventRounds "10"]
[EventCountry "USA"]
[SourceTitle "CBM 198 Extra"]
[Source "ChessBase"]
[SourceDate "2020.11.30"]
[SourceVersion "1"]
[SourceVersionDate "2020.11.30"]
[SourceQuality "1"]

1. e4 c5 2. Nf3 Nc6 3. d4 cxd4 4. Bc4 e6 5. Nxd4 Nf6 6. Nxc6 bxc6 7. Nc3 d5 8. exd5 cxd5 9. Bb5+ Bd7 10. Bxd7+ Qxd7 11. 0-0 Bd6 12. Bg5 Be7 13. f4 0-0 14. f5 h6 15. Bf4 exf5 16. Be5 Ne4 17. Nxd5 Bc5+ 18. Kh1 Rad8 19. c4 Nf2+ 20. Rxf2 Bxf2 21. Qf3 f6 22. Bc7 Bd4 23. Bxd8 Rxd8 24. Rd1 Qe6 25. Qd3 Bb6 26. g3 Kh8 27. Qf3 Re8 28. Nf4 Qxc4 29. Rd7 Qe4 30. Ng6+ Kh7 31. Qxe4 fxe4 32. Nf4 e3 33. Ne2 Rc8 34. Rd3 Rc2 35. Nf4 Rxb2 36. Rd1 Rxa2 37. Re1 g5 38. Nd5 Ra3 39. Nxf6+ Kg6 40. Nd5 Rd3 41. Nxb6 axb6 42. Kg2 b5 43. Kf3 Rd2 44. Kxe3 Rxh2 45. Rb1 Ra2 46. Rxb5 Ra3+ 47. Kf2 Kh5 48. Kg2 Ra4 49. Rb3 Kg4 50. Rc3 Ra2+ 51. Kg1 h5 52. Kf1 Rb2 53. Kg1 Rd2 54. Kf1 Rh2 55. Kg1 Ra2 56. Kf1 Ra4 57. Kg1 Re4 58. Kg2 Re2+ 59. Kf1 Rd2 60. Kg1 Rd1+ 61. Kf2 Rd2+ 62. Kg1 Rb2 63. Kf1 Kh3 64. Kg1 Rb1+ 65. Kf2 g4 66. Rc5 Rb2+ 67. Kf1 Kxg3 68. Rxh5 Rb1+ 69. Ke2 Kg2 70. Rh8 g3 71. Rg8 Rb6 72. Rg7 Re6+ 73. Kd3 Re5 74. Kd4 Re1 75. Kd3 Re6 76. Kd2 Re5 77. Kd3 Kf3 78. Rf7+ Kg2 79. Rg7 Kf2 80. Rf7+ Kg1 81. Kd4 Re1 82. Kd3 g2 83. Kd2 Re4 84. Rg7 Kf2 85. Rf7+ Kg3 86. Rg7+ Rg4 0-1

[Event "Titled Tuesday intern op 29th Sept"]
[Site "Chess.com INT"]
[Date "2020.09.29"]
[Round "5"]
[White "Zwardon, Vojtech"]
[Black "Tomczak, Mikolaj"]
[Result "1/2-1/2"]
[WhiteElo "2455"]
[BlackElo "2433"]
[PlyCount "76"]
[EventDate "2020.09.29"]
[EventType "swiss (blitz)"]
[EventRounds "10"]
[EventCountry "USA"]
[SourceTitle "CBM 198 Extra"]
[Source "ChessBase"]
[SourceDate "2020.11.30"]
[SourceVersion "1"]
[SourceVersionDate "2020.11.30"]
[SourceQuality "1"]

1. c4 e5 2. g3 Nc6 3. Bg2 Bc5 4. Nf3 d6 5. e3 a6 6. d4 exd4 7. exd4 Ba7 8. 0-0 Nge7 9. Nc3 0-0 10. h3 Bf5 11. Re1 Bg6 12. d5 Nb8 13. Bg5 Re8 14. Qb3 b6 15. Nd4 h6 16. Bh4 Qd7 17. Re3 b5 18. Rxe7 Rxe7 19. Bxe7 Qxe7 20. Nde2 Nd7 21. cxb5 Nc5 22. Qa3 Nd3 23. bxa6 Nxf2 24. Kh2 Bc5 25. Qa4 Nd3 26. Qc6 Rb8 27. Na4 Qxe2 28. Nxc5 Nxc5 29. a7 Rxb2 30. a8Q+ Kh7 31. Rg1 Be4 32. Qc8 Qxg2+ 33. Rxg2 Rxg2+ 34. Kh1 Rxg3+ 35. Kh2 Rg2+ 36. Kh1 Rg3+ 37. Kh2 Rg2+ 38. Kh1 Rg3+ 1/2-1/2

[Event "Titled Tuesday intern op 22nd Sept"]
[Site "Chess.com INT"]
[Date "2020.09.22"]
[Round "5"]
[White "Alice, Mateus Felizardo Vi"]
[Black "Tomczak, Mikolaj"]
[Result "0-1"]
[WhiteElo "2202"]
[BlackElo "2433"]
[PlyCount "98"]
[EventDate "2020.09.22"]
[EventType "swiss (blitz)"]
[EventRounds "10"]
[EventCountry "USA"]
[SourceTitle "CBM 198 Extra"]
[Source "ChessBase"]
[SourceDate "2020.11.30"]
[SourceVersion "1"]
[SourceVersionDate "2020.11.30"]
[SourceQuality "1"]

1. e4 c5 2. Nf3 Nc6 3. d4 cxd4 4. Nxd4 e6 5. Nc3 a6 6. Nxc6 bxc6 7. Bd3 d5 8. exd5 cxd5 9. 0-0 Nf6 10. Bg5 Bd6 11. h3 h6 12. Bd2 0-0 13. Re1 Rb8 14. Rb1 Bb7 15. Qe2 Bc7 16. g3 a5 17. Nb5 Rc8 18. Nxc7 Qxc7 19. Bf4 Qc5 20. c3 Ne4 21. Bxe4 dxe4 22. Qg4 f5 23. Qe2 Qc6 24. Qe3 Rfd8 25. Rbd1 Rd3 26. Rxd3 exd3 27. Qxe6+ Qxe6 28. Rxe6 Bf3 29. Kf1 a4 30. Ke1 Rb8 31. Bc1 a3 32. b3 Kf7 33. Re3 Be2 34. Kd2 Rb5 35. c4 Rc5 36. Kc3 g5 37. Bd2 f4 38. gxf4 gxf4 39. Re4 f3 40. Bxh6 Rh5 41. Bc1 Rxh3 42. Bxa3 Rh2 43. Bc5 Rh1 44. Be3 Ra1 45. Kb4 Rxa2 46. Rd4 Rb2 47. c5 Ke6 48. c6 Rc2 49. Rc4 d2 0-1

[Event "Titled Tuesday intern op 22nd Sept"]
[Site "Chess.com INT"]
[Date "2020.09.22"]
[Round "2"]
[White "Christiansen, Johan Sebastian"]
[Black "Tomczak, Mikolaj"]
[Result "1-0"]
[WhiteElo "2617"]
[BlackElo "2433"]
[PlyCount "103"]
[EventDate "2020.09.22"]
[EventType "swiss (blitz)"]
[EventRounds "10"]
[EventCountry "USA"]
[SourceTitle "CBM 198 Extra"]
[Source "ChessBase"]
[SourceDate "2020.11.30"]
[SourceVersion "1"]
[SourceVersionDate "2020.11.30"]
[SourceQuality "1"]

1. e4 c5 2. Nf3 Nc6 3. b4 cxb4 4. d4 d5 5. exd5 Qxd5 6. c4 bxc3 7. Nxc3 Qa5 8. Bd2 e6 9. Rb1 Nf6 10. Bb5 Qc7 11. Qa4 Bd7 12. 0-0 Bd6 13. d5 Nxd5 14. Nxd5 exd5 15. Rfe1+ Be6 16. Ng5 0-0 17. Qh4 Bf5 18. Rbc1 Bg6 19. Qg4 a6 20. Ba4 Bxh2+ 21. Kh1 Be5 22. f4 Bf6 23. f5 Qd7 24. Rf1 Bxg5 25. Bxg5 f6 26. Bh4 b5 27. Bb3 Ne5 28. Qg3 Bxf5 29. Rc5 Be6 30. Bxf6 Ng4 31. Rc7 Nxf6 32. Rxd7 Nxd7 33. Re1 Bf7 34. Re7 Nf6 35. Qd6 Rfe8 36. Rxe8+ Rxe8 37. Qxa6 Ng4 38. g3 Re1+ 39. Kg2 Re8 40. Qxb5 h6 41. a4 Ne3+ 42. Kf2 Nf5 43. Bxd5 Rf8 44. Bxf7+ Rxf7 45. Kg1 g5 46. a5 Ne3 47. Qb8+ Kg7 48. Qe5+ Kh7 49. Qxe3 h5 50. a6 h4 51. a7 hxg3 52. a8Q 1-0

[Event "Titled Tuesday intern op 22nd Sept"]
[Site "Chess.com INT"]
[Date "2020.09.22"]
[Round "10"]
[White "Jaskolka, Tomasz"]
[Black "Tomczak, Mikolaj"]
[Result "1/2-1/2"]
[WhiteElo "2177"]
[BlackElo "2433"]
[PlyCount "125"]
[EventDate "2020.09.22"]
[EventType "swiss (blitz)"]
[EventRounds "10"]
[EventCountry "USA"]
[SourceTitle "CBM 198 Extra"]
[Source "ChessBase"]
[SourceDate "2020.11.30"]
[SourceVersion "1"]
[SourceVersionDate "2020.11.30"]
[SourceQuality "1"]

1. d4 Nf6 2. c4 e6 3. Nc3 Bb4 4. Nf3 c5 5. a3 Bxc3+ 6. bxc3 0-0 7. Qc2 d5 8. cxd5 exd5 9. Bg5 h6 10. Bh4 c4 11. e3 Bg4 12. Be2 Nbd7 13. Ne5 Bxe2 14. Qxe2 Qa5 15. Qc2 Nxe5 16. dxe5 Ne4 17. Rc1 Qxa3 18. 0-0 Qc5 19. Rfd1 a5 20. Rd4 a4 21. f3 Ng5 22. Bxg5 hxg5 23. Rcd1 Rfd8 24. Qd2 a3 25. Kf1 a2 26. Ra1 Qa5 27. Kf2 b5 28. Rxd5 Rxd5 29. Qxd5 Qa3 30. e6 Qb2+ 31. Kg3 Qxa1 32. Qxa8+ Kh7 33. Qe4+ g6 34. exf7 Qe1+ 35. Kh3 a1Q 36. f8Q Qa7 37. Qee7+ Qxe7 38. Qxe7+ Kh6 39. Qf8+ Kh7 40. Qf7+ Kh6 41. g3 Qxc3 42. Qf8+ Qg7 43. Qc5 Qd7+ 44. Kg2 Kg7 45. Qe5+ Kf7 46. Qxg5 c3 47. Qf4+ Kg8 48. Qb8+ Kh7 49. Qe5 c2 50. Qc3 Qd1 51. Qc7+ Kh6 52. Qf4+ Kg7 53. Qc7+ Kf6 54. Qc6+ Ke7 55. Qc7+ Ke6 56. Qc6+ Kf7 57. Qc7+ Kf6 58. Qc6+ Kg7 59. Qc7+ Kg8 60. Qb8+ Kh7 61. Qc7+ Kh6 62. Qf4+ Kh7 63. Qc7+ 1/2-1/2

[Event "Titled Tuesday intern op 22nd Sept"]
[Site "Chess.com INT"]
[Date "2020.09.22"]
[Round "6"]
[White "Khanin, Semen"]
[Black "Tomczak, Mikolaj"]
[Result "1-0"]
[WhiteElo "2482"]
[BlackElo "2433"]
[PlyCount "95"]
[EventDate "2020.09.22"]
[EventType "swiss (blitz)"]
[EventRounds "10"]
[EventCountry "USA"]
[SourceTitle "CBM 198 Extra"]
[Source "ChessBase"]
[SourceDate "2020.11.30"]
[SourceVersion "1"]
[SourceVersionDate "2020.11.30"]
[SourceQuality "1"]

1. c4 e5 2. Nc3 Nc6 3. g3 Bc5 4. Bg2 d6 5. b3 a6 6. Bb2 Ba7 7. e3 f5 8. d3 Nf6 9. Nge2 0-0 10. Nd5 Ne7 11. 0-0 c6 12. Nxf6+ Rxf6 13. d4 exd4 14. Bxd4 Bxd4 15. Qxd4 Be6 16. Rad1 Bf7 17. Nc3 Qc7 18. Rd2 Rd8 19. Rfd1 d5 20. Qf4 Qxf4 21. gxf4 Rfd6 22. Bf3 g6 23. c5 R6d7 24. Ne2 Kg7 25. Nd4 Ng8 26. b4 Nf6 27. a4 Kf8 28. Rb1 Ne4 29. Rc2 g5 30. b5 gxf4 31. bxc6 bxc6 32. exf4 Rc7 33. Nxf5 Bg6 34. Nd4 Nxc5 35. Rxc5 Bxb1 36. Ne6+ Ke7 37. Nxc7 Bd3 38. Rxc6 Rg8+ 39. Kh1 Bf1 40. Nxd5+ Kf7 41. Rc1 Bh3 42. Ne3 Rb8 43. Bg2 Be6 44. h3 Bb3 45. a5 Rb5 46. Rc7+ Kf6 47. Rc6+ Kf7 48. Rxa6 1-0